[Event "Novokuznetsk Old Stager op"]
[Site "Novokuznetsk"]
[Date "2015.01.18"]
[Round "3"]
[White "Zotkina, Lyudmila"]
[Black "Shilintsev, Vladimir"]
[Result "0-1"]
[WhiteElo "1485"]
[BlackElo "1864"]
[PlyCount "106"]
[EventDate "2015.01.10"]
[EventType "swiss"]
[EventRounds "9"]
[EventCountry "RUS"]
[SourceTitle "EXT 2018"]
[Source "ChessBase"]
[SourceDate "2017.10.13"]
[SourceVersion "1"]
[SourceVersionDate "2017.10.13"]
[SourceQuality "1"]

1. d4 d5 2. b4 Bf5 3. Nc3 e6 4. e3 Bxb4 5. Bd2 Nf6 6. h3 0-0 7. a3 Ba5 8. Nf3 Nbd7 9. Be2 c5 10. 0-0 Rc8 11. Nb5 cxd4 12. Nfxd4 Bxd2 13. Qxd2 Ne4 14. Qe1 a6 15. f3 axb5 16. fxe4 Bxe4 17. Qg3 Rxc2 18. Nxc2 Bxc2 19. Rf4 Be4 20. Raf1 Qe7 21. Bxb5 Nc5 22. Be2 f5 23. Bf3 e5 24. Rh4 g6 25. Bh5 g5 26. Bf3 Bxf3 27. Rxf3 Ne4 28. Qe1 gxh4 29. Qa5 Qd6 30. Qe1 Ng3 31. Kh2 e4 32. Rf4 Qxa3 33. Rxh4 Qd6 34. Kg1 Qg6 35. Rf4 Nh5 36. Rf1 f4 37. Qa5 Qc6 38. Qe1 f3 39. Qd1 Ng3 40. Rf2 Ne2+ 41. Kh1 Qc1 42. Qxc1 Nxc1 43. Rc2 f2 44. Rxc1 f1Q+ 45. Rxf1 Rxf1+ 46. Kh2 Kg7 47. Kg3 Kg6 48. h4 Kh5 49. Kh3 Rh1+ 50. Kg3 Rxh4 51. Kf2 Kg4 52. g3 Rh2+ 53. Kg1 Kxg3 0-1

[Event "Novokuznetsk Old Stager op"]
[Site "Novokuznetsk"]
[Date "2015.01.11"]
[Round "2"]
[White "Shilintsev, Vladimir"]
[Black "Maksichko, Vasily"]
[Result "0-1"]
[WhiteElo "1864"]
[BlackElo "1809"]
[PlyCount "116"]
[EventDate "2015.01.10"]
[EventType "swiss"]
[EventRounds "9"]
[EventCountry "RUS"]
[SourceTitle "EXT 2018"]
[Source "ChessBase"]
[SourceDate "2017.10.13"]
[SourceVersion "1"]
[SourceVersionDate "2017.10.13"]
[SourceQuality "1"]

1. d4 Nf6 2. c4 e6 3. Nc3 c5 4. d5 exd5 5. cxd5 d6 6. e4 a6 7. a4 Be7 8. Nf3 0-0 9. Be2 Re8 10. 0-0 h6 11. Qc2 Nbd7 12. Rd1 Bf8 13. h3 Qe7 14. Bd3 Ne5 15. Nxe5 Qxe5 16. Be3 Bd7 17. f4 Qe7 18. Bf2 Rac8 19. b3 Nh5 20. Qd2 Rb8 21. g4 Nf6 22. Re1 b5 23. axb5 axb5 24. e5 Nh7 25. exd6 Qxd6 26. Bxh7+ Kxh7 27. Ne4 Qc7 28. Qc2 Kh8 29. Nxc5 Bxc5 30. Rxe8+ Rxe8 31. Qxc5 Qxf4 32. Ra7 Rc8 33. Qe3 Qd6 34. Qd4 Kh7 35. Kg2 g6 36. Ra1 Rd8 37. Rd1 Bc6 38. Kg1 Bxd5 39. b4 Rd7 40. Rd3 Qc7 41. Bg3 Qc1+ 42. Rd1 Qa3 43. Rd3 Qa8 44. Rd2 Qe8 45. Qf2 Qe4 46. Qh2 Ra7 47. Qe2 Ra1+ 48. Be1 Qh1+ 49. Kf2 Qg2+ 50. Ke3 Qxh3+ 51. Kd4 Be6 52. Rd3 Qh1 53. Bc3 Rf1 54. Qe5 Qg1+ 55. Re3 Rd1+ 56. Kc5 Rd5+ 57. Qxd5 Bxd5 58. Kxd5 Qxe3 0-1

[Event "Novokuznetsk Kustov op"]
[Site "Novokuznetsk"]
[Date "2014.09.28"]
[Round "1"]
[White "Leonov, Aleksandr"]
[Black "Shilintsev, Vladimir"]
[Result "1-0"]
[WhiteElo "2123"]
[BlackElo "1890"]
[PlyCount "77"]
[EventDate "2014.09.28"]
[EventType "swiss"]
[EventRounds "9"]
[EventCountry "RUS"]
[SourceTitle "EXT 2018"]
[Source "ChessBase"]
[SourceDate "2017.10.13"]
[SourceVersion "1"]
[SourceVersionDate "2017.10.13"]
[SourceQuality "1"]

1. e4 c5 2. Nf3 d6 3. d4 cxd4 4. Nxd4 Nf6 5. Nc3 e6 6. a4 Nc6 7. Be2 e5 8. Nf3 Be7 9. Bg5 0-0 10. 0-0 Be6 11. Bxf6 Bxf6 12. Nd5 Be7 13. Bc4 Na5 14. Ba2 Rc8 15. Qd3 Nc6 16. c3 a5 17. Rfd1 Bxd5 18. Bxd5 Qb6 19. Qb5 Qa7 20. Nd2 Rb8 21. Nc4 g6 22. Nb6 Rbd8 23. Bxc6 bxc6 24. Qxc6 Rb8 25. Nd5 Rxb2 26. Nxe7+ Qxe7 27. Qxd6 Qa7 28. Rd2 Rfb8 29. Rad1 Rxd2 30. Qxd2 Qc5 31. h3 Rb3 32. Rc1 Qc4 33. Qd8+ Kg7 34. Qd5 Qxa4 35. Qxe5+ Kg8 36. Rd1 f6 37. Qc7 Rb8 38. Qxb8+ Kf7 39. Qc7+ 1-0

[Event "Novokuznetsk Spring op"]
[Site "Novokuznetsk"]
[Date "2014.04.20"]
[Round "7"]
[White "Chistyakov, Nikita"]
[Black "Shilintsev, Vladimir"]
[Result "1-0"]
[WhiteElo "2033"]
[BlackElo "1888"]
[PlyCount "77"]
[EventDate "2014.03.29"]
[EventType "swiss"]
[EventRounds "9"]
[EventCountry "RUS"]
[SourceTitle "EXT 2015"]
[Source "ChessBase"]
[SourceDate "2014.11.20"]
[SourceVersion "1"]
[SourceVersionDate "2014.11.20"]
[SourceQuality "1"]

1. d4 d5 2. Nf3 Nf6 3. Bg5 h6 4. Bh4 e6 5. Nbd2 Be7 6. e3 0-0 7. Bd3 Nbd7 8. Ne5 c5 9. c3 c4 10. Bc2 Nxe5 11. dxe5 Nd7 12. Bg3 Bh4 13. Qh5 Bxg3 14. hxg3 Qc7 15. Nf3 Nc5 16. g4 Nd3+ 17. Bxd3 cxd3 18. g5 d2+ 19. Kxd2 Qe7 20. gxh6 g6 21. Qh4 Qxh4 22. Rxh4 f5 23. Ng5 Bd7 24. f4 Kh8 25. Rah1 a5 26. h7 Kg7 27. Nf7 Rh8 28. Nxh8 Rxh8 29. b4 a4 30. a3 b6 31. g4 Kf7 32. gxf5 exf5 33. Rg1 Bb5 34. Rh6 Bc4 35. Rgxg6 b5 36. Rg8 Rxg8 37. hxg8Q+ Kxg8 38. Rf6 Kg7 39. Rxf5 1-0

[Event "Novokuznetsk Spring op"]
[Site "Novokuznetsk"]
[Date "2014.03.29"]
[Round "1"]
[White "Leonov, A."]
[Black "Shilintsev, Vladimir"]
[Result "1-0"]
[WhiteElo "2130"]
[BlackElo "1888"]
[PlyCount "91"]
[EventDate "2014.03.29"]
[EventType "swiss"]
[EventRounds "9"]
[EventCountry "RUS"]
[SourceTitle "EXT 2015"]
[Source "ChessBase"]
[SourceDate "2014.11.20"]
[SourceVersion "1"]
[SourceVersionDate "2014.11.20"]
[SourceQuality "1"]

1. e4 c5 2. f4 g6 3. c4 Nc6 4. Nc3 Bg7 5. Nf3 e6 6. g3 Nge7 7. Bg2 0-0 8. 0-0 d6 9. Ne2 a6 10. Rb1 Rb8 11. d4 cxd4 12. Nexd4 Nxd4 13. Nxd4 Nc6 14. Nxc6 bxc6 15. b3 Qb6+ 16. Kh1 c5 17. Bb2 Bd4 18. Bxd4 cxd4 19. e5 dxe5 20. fxe5 Bb7 21. Bxb7 Rxb7 22. Qf3 Rd7 23. Rbd1 Rfd8 24. Rd3 Qb7 25. Kg2 Qc7 26. Qe4 Qa5 27. Rf2 Qc5 28. h4 h5 29. g4 hxg4 30. Rf4 Qa3 31. Qe2 g3 32. Kxg3 Qc1 33. Rf1 Qh6 34. Qg4 Qh5 35. Qxh5 gxh5 36. Kf4 Kg7 37. Ke4 Kg6 38. Rg1+ Kh6 39. b4 Kh7 40. a4 Rg8 41. Rxg8 Kxg8 42. c5 Kg7 43. c6 Rc7 44. b5 axb5 45. axb5 f5+ 46. Kxd4 1-0

[Event "Novokuznetsk op"]
[Site "Novokuznetsk"]
[Date "2013.08.12"]
[Round "2"]
[White "Shilintsev, Vladimir"]
[Black "Alimov, Alexander"]
[Result "0-1"]
[WhiteElo "1860"]
[BlackElo "1964"]
[PlyCount "64"]
[EventDate "2013.08.11"]
[EventType "swiss"]
[EventRounds "9"]
[EventCountry "RUS"]
[SourceTitle "CBM 156 Extra"]
[Source "ChessBase"]
[SourceDate "2013.10.22"]
[SourceVersion "1"]
[SourceVersionDate "2013.10.22"]
[SourceQuality "1"]

1. c4 Nf6 2. Nc3 g6 3. d4 Bg7 4. e4 d6 5. f3 0-0 6. Be3 Nc6 7. Qd2 a6 8. a3 e5 9. d5 Nd4 10. Bxd4 exd4 11. Qxd4 Nxe4 12. Qd3 Qh4+ 13. g3 Nxg3 14. hxg3 Qxh1 15. Nge2 Bh3 16. Nf4 Qxf1+ 17. Qxf1 Bxf1 18. Kxf1 Bxc3 19. bxc3 Rae8 20. Kf2 h5 21. Rb1 b6 22. Rh1 Re7 23. g4 hxg4 24. Rg1 Kg7 25. Rxg4 Rh8 26. Rg2 Kf6 27. Ne2 Rh1 28. Ng1 Rh4 29. Kf1 Rxc4 30. Rc2 Re3 31. Ne2 Rxf3+ 32. Kg2 Rd3 0-1

[Event "Novokuznetsk Spring op"]
[Site "Novokuznetsk"]
[Date "2013.04.13"]
[Round "4"]
[White "Kolesnikov, Oleg"]
[Black "Shilintsev, Vladimir"]
[Result "1-0"]
[WhiteElo "1974"]
[BlackElo "1855"]
[PlyCount "173"]
[EventDate "2013.03.31"]
[EventType "swiss"]
[EventRounds "9"]
[EventCountry "RUS"]
[SourceTitle "EXT 2015"]
[Source "ChessBase"]
[SourceDate "2014.11.20"]
[SourceVersion "1"]
[SourceVersionDate "2014.11.20"]
[SourceQuality "1"]

1. e4 c5 2. Nf3 d6 3. d4 cxd4 4. Nxd4 Nf6 5. Nc3 a6 6. a4 e6 7. Bg5 Be7 8. Bd3 0-0 9. Be3 Nbd7 10. 0-0 Nc5 11. Qe2 Nxd3 12. cxd3 Bd7 13. h3 Rc8 14. Rfe1 e5 15. Nf3 a5 16. Ng5 d5 17. exd5 Nxd5 18. Nge4 Nxe3 19. fxe3 Bc6 20. Red1 Qb6 21. g4 f5 22. gxf5 Rxf5 23. Rf1 Rcf8 24. Rxf5 Rxf5 25. Rf1 Bxe4 26. Nxe4 Rxf1+ 27. Kxf1 Qc6 28. Qd1 Qb6 29. Qd2 Bb4 30. Nc3 Qc6 31. Kf2 Qf6+ 32. Kg2 Qg5+ 33. Kh2 Qd8 34. Qc2 Qc7 35. Qb3+ Kf8 36. e4 Qc5 37. Qc2 Qc6 38. Qf2+ Qf6 39. Qxf6+ gxf6 40. Nd5 Kf7 41. Kg3 Kg6 42. Kg4 h5+ 43. Kf3 Bc5 44. Nc7 Bd4 45. b3 b6 46. Ne6 Bc3 47. Ke3 Kf7 48. Nc7 Bd4+ 49. Kf3 Bc5 50. Kg3 Kg6 51. Nb5 Bb4 52. d4 exd4 53. Nxd4 Bd6+ 54. Kf3 Be5 55. Nf5 Kf7 56. Ke2 Kg6 57. h4 Kf7 58. Kd3 Bh2 59. Kc4 Bg1 60. Kb5 Bf2 61. Kc6 Ke6 62. Ng7+ Ke5 63. Nxh5 Bxh4 64. Kxb6 Be1 65. Kb5 Bc3 66. Kc4 Bb4 67. Kd3 f5 68. exf5 Kxf5 69. Ng3+ Ke5 70. Kc4 Kd6 71. Kb5 Kc7 72. Ne4 Kb7 73. Nf6 Ka7 74. Nd5 Be1 75. Ne3 Bf2 76. Nc4 Be1 77. Nxa5 Bf2 78. b4 Be1 79. Nc6+ Kb7 80. a5 Bd2 81. a6+ Ka8 82. Kc5 Be3+ 83. Nd4 Bd2 84. b5 Ba5 85. b6 Bd2 86. b7+ Kb8 87. Nc6+ 1-0

[Event "Novokuznetsk op"]
[Site "Novokuznetsk"]
[Date "2012.08.08"]
[Round "7"]
[White "Sukiasyan, Artem"]
[Black "Shilintsev, Vladimir"]
[Result "1-0"]
[WhiteElo "1806"]
[BlackElo "1858"]
[PlyCount "47"]
[EventDate "2012.08.02"]
[EventType "swiss"]
[EventRounds "9"]
[EventCountry "RUS"]
[SourceTitle "EXT 2013"]
[Source "ChessBase"]
[SourceDate "2012.11.22"]
[SourceVersion "1"]
[SourceVersionDate "2012.11.22"]
[SourceQuality "1"]

1. Nf3 d5 2. c4 c6 3. g3 Nf6 4. Bg2 e6 5. d4 Nbd7 6. 0-0 Be7 7. b3 0-0 8. Bb2 dxc4 9. bxc4 Qb6 10. Qc2 c5 11. e3 Qa6 12. Nbd2 b5 13. dxc5 Rb8 14. Nd4 bxc4 15. Nc6 Bxc5 16. Nxb8 Nxb8 17. Nxc4 Nbd7 18. Ne5 Qb6 19. Rab1 Nxe5 20. Bxe5 Qa5 21. Rfc1 Nd7 22. Bc3 Qd8 23. Qb2 Qg5 24. Qc2 1-0

[Event "Novokuznetsk op"]
[Site "Novokuznetsk"]
[Date "2012.08.04"]
[Round "3"]
[White "Shilintsev, Vladimir"]
[Black "Shadrin, Oleg Gennadievich"]
[Result "1/2-1/2"]
[WhiteElo "1858"]
[BlackElo "1734"]
[PlyCount "135"]
[EventDate "2012.08.02"]
[EventType "swiss"]
[EventRounds "9"]
[EventCountry "RUS"]
[SourceTitle "EXT 2013"]
[Source "ChessBase"]
[SourceDate "2012.11.22"]
[SourceVersion "1"]
[SourceVersionDate "2012.11.22"]
[SourceQuality "1"]

1. c4 b6 2. Nc3 Bb7 3. e4 e6 4. Nf3 c5 5. d4 cxd4 6. Nxd4 Bb4 7. f3 Ne7 8. a3 Bxc3+ 9. bxc3 a6 10. Be2 Qc7 11. Qb3 Nbc6 12. Rb1 Nc8 13. Be3 Na5 14. Qb4 Nc6 15. Nxc6 Qxc6 16. Bxb6 Nxb6 17. Qxb6 Qxb6 18. Rxb6 Bc6 19. 0-0 Ke7 20. Rfb1 Rhc8 21. Kf2 Kd6 22. R1b4 Kc5 23. e5 Bb5 24. Rd6 Bc6 25. Rd2 a5 26. Rb1 Rcb8 27. Rdb2 Rxb2 28. Rxb2 Ra7 29. Ke3 Rb7 30. Rxb7 Bxb7 31. Bd3 g6 32. Kd2 Ba6 33. Kc2 a4 34. h4 Bxc4 35. Be4 Bd5 36. Bd3 Bb3+ 37. Kd2 Kd5 38. Bb5 Kxe5 39. Ke3 d5 40. Be8 f5 41. f4+ Kf6 42. Kd4 h6 43. Bd7 Ke7 44. Bb5 Kd6 45. Be8 g5 46. hxg5 hxg5 47. fxg5 e5+ 48. Ke3 Ke7 49. Bg6 f4+ 50. Kf2 e4 51. Ke2 Bc4+ 52. Ke1 Bb5 53. Bh5 Be8 54. Bg4 Bg6 55. Bd1 Be8 56. Bg4 Kd6 57. Kf2 Ke5 58. Ke1 d4 59. cxd4+ Kxd4 60. g6 Kc3 61. g7 Bf7 62. Bd1 Kb2 63. Bxa4 Kxa3 64. Bc2 f3 65. gxf3 exf3 66. Bh7 Kb4 67. g8Q Bxg8 68. Bxg8 1/2-1/2

[Event "Novokuznetsk Spring op"]
[Site "Novokuznetsk"]
[Date "2012.??.??"]
[Round "8"]
[White "Shilintsev, Vladimir"]
[Black "Chernyh, Pavel"]
[Result "0-1"]
[WhiteElo "1865"]
[BlackElo "1925"]
[PlyCount "88"]
[EventDate "2012.04.04"]
[EventType "swiss"]
[EventRounds "9"]
[EventCountry "RUS"]
[SourceTitle "CBM 148 Extra"]
[Source "ChessBase"]
[SourceDate "2012.06.22"]
[SourceVersion "1"]
[SourceVersionDate "2012.06.22"]
[SourceQuality "1"]

1. c4 Nf6 2. Nc3 c5 3. Nf3 Nc6 4. g3 g6 5. Bg2 Bg7 6. 0-0 0-0 7. d4 cxd4 8. Nxd4 Qb6 9. Nb3 d6 10. Be3 Qd8 11. c5 Ng4 12. Bg5 h6 13. Bd2 dxc5 14. Nxc5 Qd6 15. N5e4 Qd4 16. e3 Qd8 17. f3 Nge5 18. Qe2 e6 19. Rfd1 Qe7 20. Nb5 a6 21. Nd4 Nxd4 22. exd4 Nc6 23. Bc3 Rd8 24. Qe3 b5 25. a3 Qa7 26. Nc5 Ne7 27. f4 Rb8 28. g4 Nd5 29. Qf3 Qc7 30. Rf1 a5 31. Ne4 b4 32. axb4 axb4 33. Be1 Bxd4+ 34. Bf2 Bxb2 35. Ra7 Rb7 36. Ra6 Qc4 37. Nd6 Qxa6 38. Ne4 Qa3 39. Qe2 Nxf4 40. Qc2 Nxg2 41. Kxg2 Rbd7 42. Bh4 g5 43. Bxg5 hxg5 44. Nxg5 Rd2+ 0-1

[Event "Novokuznetsk-ch"]
[Site "Novokuznetsk"]
[Date "2011.??.??"]
[Round "1"]
[White "Shilintsev, Vladimir"]
[Black "Maksichko, Vasily"]
[Result "1/2-1/2"]
[WhiteElo "1932"]
[BlackElo "1883"]
[PlyCount "46"]
[EventDate "2011.11.19"]
[EventType "swiss"]
[EventRounds "9"]
[EventCountry "RUS"]
[SourceTitle "EXT 2013"]
[Source "ChessBase"]
[SourceDate "2012.11.22"]
[SourceVersion "1"]
[SourceVersionDate "2012.11.22"]
[SourceQuality "1"]

1. g4 c6 2. Bg2 d5 3. e4 dxe4 4. Bxe4 Nf6 5. Bf5 Bxf5 6. gxf5 e6 7. fxe6 fxe6 8. Nf3 Be7 9. d3 0-0 10. Qe2 Nd5 11. Qxe6+ Kh8 12. Ne5 Bf6 13. Nf7+ Rxf7 14. Qxf7 Nd7 15. Nd2 Ne5 16. Qe6 Qf8 17. Ne4 Re8 18. Qh3 Nb4 19. 0-0 Nxc2 20. Rb1 Nd4 21. f4 Ng6 22. Ng5 Bxg5 23. fxg5 Qd6 1/2-1/2

[Event "Novokuznetsk-ch"]
[Site "Novokuznetsk"]
[Date "2011.??.??"]
[Round "8"]
[White "Shilintsev, Vladimir"]
[Black "Morokov, Anatoliy"]
[Result "1-0"]
[WhiteElo "1932"]
[BlackElo "1773"]
[PlyCount "53"]
[EventDate "2011.11.19"]
[EventType "swiss"]
[EventRounds "9"]
[EventCountry "RUS"]
[SourceTitle "EXT 2013"]
[Source "ChessBase"]
[SourceDate "2012.11.22"]
[SourceVersion "1"]
[SourceVersionDate "2012.11.22"]
[SourceQuality "1"]

1. d4 e5 2. dxe5 Nc6 3. Nf3 Qe7 4. Nc3 Nxe5 5. e4 Nf6 6. Be2 Ng6 7. Bg5 h6 8. Bxf6 Qxf6 9. 0-0 c6 10. a3 Bd6 11. e5 Bxe5 12. Nxe5 Nxe5 13. Ne4 Qg6 14. Nd6+ Kd8 15. f4 h5 16. fxe5 f6 17. Bd3 Qg5 18. Nf7+ Kc7 19. Nxg5 fxg5 20. Be4 b6 21. Qd6+ Kb7 22. Rf7 Ka6 23. a4 Bb7 24. Bd3+ b5 25. axb5+ Kb6 26. c4 Rad8 27. c5# 1-0

[Event "Novokuznetsk-ch op"]
[Site "Novokuznetsk"]
[Date "2010.11.21"]
[Round "3"]
[White "Shilintsev, Vladimir"]
[Black "Boldov, Evgeniy"]
[Result "0-1"]
[WhiteElo "1954"]
[BlackElo "2098"]
[PlyCount "114"]
[EventDate "2010.11.14"]
[EventType "swiss"]
[EventRounds "9"]
[EventCountry "RUS"]
[SourceTitle "EXT 2022"]
[Source "ChessBase"]
[SourceDate "2021.10.06"]
[SourceVersion "1"]
[SourceVersionDate "2021.10.06"]
[SourceQuality "1"]

1. c4 e6 2. Nc3 d5 3. d4 f5 4. cxd5 exd5 5. Nf3 Nf6 6. Bg5 c6 7. Ne5 Bb4 8. a3 Bd6 9. e3 0-0 10. Bd3 Qb6 11. 0-0 Ne4 12. f4 Nxg5 13. fxg5 Bxe5 14. Na4 Bxh2+ 15. Kxh2 Qc7+ 16. Kh1 Qe7 17. Qh5 g6 18. Qh4 b6 19. Rf3 Ba6 20. Bf1 Bxf1 21. Raxf1 Nd7 22. Nc3 Rae8 23. Rh3 Rf7 24. Rhf3 Nf8 25. g4 h6 26. gxf5 hxg5 27. Qf2 gxf5 28. Rxf5 Rxf5 29. Qxf5 Qh7+ 30. Qxh7+ Nxh7 31. Rf3 Rf8 32. Rg3 Rf2 33. e4 dxe4 34. Nxe4 Rxb2 35. Nxg5 Nxg5 36. Rxg5+ Kf7 37. Rg3 Rd2 38. Rc3 Rxd4 39. Rxc6 Ra4 40. Rc3 Ke6 41. Kg2 Kd5 42. Kf2 Re4 43. Kf3 Re6 44. Kf2 b5 45. Rc7 a6 46. Rc8 Kd4 47. Rc7 Kd3 48. Rc8 Re2+ 49. Kf1 Ra2 50. Rh8 Kc2 51. Rh3 Kb2 52. Re3 Rxa3 53. Re2+ Kb3 54. Re3+ Ka4 55. Re4+ Ka5 56. Ke2 Rc3 57. Kd2 Rc6 0-1

[Event "Novokuznetsk Goryainov op"]
[Site "Novokuznetsk"]
[Date "2010.08.14"]
[Round "3"]
[White "Malezkey, Vladimir"]
[Black "Shilintsev, Vladimir"]
[Result "1-0"]
[WhiteElo "2087"]
[BlackElo "2000"]
[PlyCount "105"]
[EventDate "2010.08.12"]
[EventType "swiss"]
[EventRounds "9"]
[EventCountry "RUS"]
[SourceTitle "CBM 138 Extra"]
[Source "ChessBase"]
[SourceDate "2010.10.29"]
[SourceVersion "1"]
[SourceVersionDate "2010.10.29"]
[SourceQuality "1"]

1. d4 d5 2. c4 c6 3. Nf3 Nf6 4. g3 e6 5. Bg2 dxc4 6. 0-0 Be7 7. Qc2 Nbd7 8. Nbd2 Nb6 9. Rd1 0-0 10. Nxc4 Nxc4 11. Qxc4 Qd5 12. Qc2 Qa5 13. e4 Rd8 14. Bd2 Bb4 15. Bg5 Be7 16. d5 h6 17. Bxf6 gxf6 18. dxc6 Rxd1+ 19. Rxd1 Qc7 20. Qd2 Kg7 21. Nd4 bxc6 22. e5 Bb7 23. exf6+ Bxf6 24. Nxe6+ fxe6 25. Qd7+ Qxd7 26. Rxd7+ Kf8 27. Rxb7 a5 28. Bxc6 Ra6 29. Be4 Rd6 30. Bg6 Bd4 31. Kg2 e5 32. Be4 Bb6 33. Kf3 Rf6+ 34. Kg4 Bd4 35. f3 Rb6 36. b3 Rxb7 37. Bxb7 Kf7 38. Kf5 Bb2 39. h4 Bc3 40. g4 Kg7 41. Bd5 Bb2 42. Ke6 Kg6 43. Be4+ Kg7 44. Kd5 Kf6 45. Kc4 Ba3 46. Kb5 Bb4 47. a3 Be1 48. b4 axb4 49. a4 Ke7 50. a5 Kd7 51. a6 Bf2 52. g5 Ke7 53. g6 1-0

[Event "Novokuznetsk Goryainov op"]
[Site "Novokuznetsk"]
[Date "2010.08.12"]
[Round "1"]
[White "Malyshev, Sergey"]
[Black "Shilintsev, Vladimir"]
[Result "1-0"]
[WhiteElo "2246"]
[BlackElo "2000"]
[PlyCount "75"]
[EventDate "2010.08.12"]
[EventType "swiss"]
[EventRounds "9"]
[EventCountry "RUS"]
[SourceTitle "CBM 138 Extra"]
[Source "ChessBase"]
[SourceDate "2010.10.29"]
[SourceVersion "1"]
[SourceVersionDate "2010.10.29"]
[SourceQuality "1"]

1. e4 c5 2. Nf3 d6 3. d4 cxd4 4. Nxd4 Nf6 5. Nc3 a6 6. h3 e6 7. g4 h6 8. Be3 Qc7 9. Bg2 Nc6 10. 0-0 Be7 11. Qd2 Bd7 12. a4 Ne5 13. b3 Rc8 14. Nce2 Nc6 15. c4 Nxd4 16. Nxd4 Bc6 17. Nxc6 bxc6 18. f4 a5 19. Rab1 Rb8 20. Bd4 e5 21. Bc3 Ra8 22. c5 0-0 23. Qb2 exf4 24. cxd6 Bxd6 25. Bxf6 gxf6 26. Qxf6 Kh7 27. e5 Bxe5 28. Be4+ Kg8 29. Qxh6 f6 30. Rbc1 Qg7 31. Qh5 Bd4+ 32. Kh1 Rae8 33. Bxc6 Re5 34. Bd5+ Rxd5 35. Qxd5+ Kh8 36. Qxd4 Qb7+ 37. Kg1 Qxb3 38. Rc3 1-0